000 00756nam a2200253Ia 4500
003 OSt
005 20220927110304.0
006 a|||||r|||| 00| 0
007 ta
008 220926b |||||||| |||| 00| 0 eng d
024 _a68569
037 _cReference Collections
040 _aRTL
_cRTL
_beng
041 _2eng
_aeng
082 _a"X655:(Z), P3"
111 _aUnited Nations Conference on Trade and Development
245 0 _aDispute settlement
_b State-state
260 _aNew
_bYork United Nations U. S. A.
_c2003
300 _a101p.
_ccm.
490 _aUNCTAD series on Issues in International Investment Agreements
650 _aForeign Investment
942 _h"X655:(Z), P3"
_cCC
999 _c695507
_d695507